| 000 | 00834nam a22002057a 4500 | ||
|---|---|---|---|
| 999 |
_c9370 _d9370 |
||
| 003 | AR-CdUCM | ||
| 008 | 190327b ||||| |||| 00| 0 spa d | ||
| 040 |
_aMUNICIPALIDAD PROVINCIAL DEL CUSCO _cBIBLIOTECA MUNICIPAL DEL CUSCO |
||
| 082 |
_a 498.5 / _bC557 |
||
| 100 |
_aChirinos Rivera, Andrés, _925516 |
||
| 245 | _aAtlas lingüístico del Perú / | ||
| 260 |
_aCusco - Lima : _bCentro Bartolomé de las Casas, _c2001 |
||
| 300 |
_a298 paginas ; _c29 cm. |
||
| 505 | _aContenido : Metodología empleada -- Panorama lingüístico del Perú -- Mapas y lenguas por departamento -- Mapas lingüísticos por zonas y cuencas (andina y amazónica) -- Anexos... | ||
| 650 |
_aAtlas Lingüístico _925517 |
||
| 650 |
_aCuencas andinas y amazónicas _925518 |
||
| 650 |
_aMapas del Perú _925519 |
||
| 942 |
_2ddc _cLIBROS |
||
| 945 | _awnts | ||